000 00701nam a2200229 a 4500
001 11345
003 CO-ViMGA
008 141112s2004 ck r 000 u spa d
040 _aCO-ViMGA
_bspa
_cCO-ViMGA
082 0 4 _a320.944 S37dl
100 1 _aServan Schreiber, Jean Jacques
_915835
245 1 0 _aEl Despertar de Francia
260 _aBarcelona :
_bPlaza - Janes,
_c1968
300 _a124p.
590 _aForma de adquisición : DONACION - - Proveedor : RAFAEL SALAMANCA - - Fecha de adquisición : 01 - 31 - 2001
650 1 4 _aFRANCIA
_954742
650 1 4 _aGOBIERNO 1958
_915836
650 1 4 _aPARIS
_915837
650 1 4 _aPolítica
_9201
650 1 4 _aREVOLUCION 1968
_915838
942 _2ddc
_cBK
999 _c22547
_d22547